000 00768nab a2200241 u 4500
001 15037
003 HDC
007 cr bn ---aaaaa
008 210217c mydr|nes 0 a may d
040 _aHDC
245 0 _aTEKUN Nasional komited bantu usahawan gigih
260 _aMalaysia:
_bBerita Harian,
_c2014
336 _atext
_2rdacontent
337 _acomputer
_2rdamedia
338 _aonline resource
_2rdacarrier
650 _afunding
_99282
650 _asmall and medium enterprise
_98448
710 _aBerita Harian
856 _zRequest full-text at [email protected]
942 _2lcc
942 _cNEWS
942 _kNSWC 004764
999 _c12353
_d12353